000 00607nam a2200193Ia 4500
008 220216s9999 xx 000 0 und d
100 _aVarghese S.
245 0 _aDegradation behaviour of short sisal fibre reinforced natural rubber composites
260 _bProceedings of the National Seminar on Polymers-94, February 1994, Vadodara, India, pp. 148-149
_c1994
650 _aComposite
650 _aNatural rubber
650 _aReinforced rubber
650 _aSisal fibre
650 _aThermal degradation
700 _aKuriakose B.
700 _aMathew N.M.
700 _aThomas S.
942 _cBS
999 _c52997
_d52997